| 000 | 01474nam a2200421 i 4500 | ||
|---|---|---|---|
| 001 | 44210 | ||
| 003 | ES-MaCES | ||
| 005 | 20131007134237.0 | ||
| 008 | 120705s2013 sp t 000 | spa d | ||
| 017 |
_aV 609-2013 _bDL |
||
| 020 | _a9788490042472 | ||
| 035 | _aCES20120004767m | ||
| 040 |
_aES-MaCES _bspa _cES-MaCES |
||
| 100 | 1 |
_aSobrino González, Gemma María _924194 |
|
| 245 | 1 | 3 |
_aLa protección laboral de la violencia de género _b: déficits y ventajas |
| 260 |
_aValencia _bTirant lo Blanch _c2013 |
||
| 300 |
_a162 p. _c22 cm |
||
| 490 | 1 |
_aTirant lo Blanch laboral práctico. Serie monografías _v8 |
|
| 504 | _aBibliografía: p. 159-162 | ||
| 541 | 0 | _cCompra | |
| 610 |
_93172 _aEspaña _tLey orgánica de medidas de protección integral contra la violencia de género _d2004 |
||
| 650 | 4 |
_amujeres _928657 |
|
| 650 | 4 |
_atrabajadora _928413 |
|
| 650 | 4 |
_amalos tratos _930808 |
|
| 650 | 4 |
_ahogar _927911 |
|
| 650 | 4 |
_aderechos de la mujer _927173 |
|
| 650 | 4 |
_aderechos de los trabajadores _929924 |
|
| 650 | 4 |
_acondiciones de trabajo _928327 |
|
| 650 | 4 |
_aderecho del trabajo _927165 |
|
| 650 | 4 |
_aderecho comunitario _929866 |
|
| 650 | 4 |
_aderecho internacional _926684 |
|
| 650 | 4 |
_aEspaña _926964 |
|
| 653 | 1 | 0 | _aDerecho del trabajo y Seguridad Social |
| 830 | 0 |
_aTirant lo Blanch laboral práctico _934329 _pSerie monografías _v8 |
|
| 902 | _aLIB Libro | ||
| 942 |
_2CES _cBK _h6.0.1. |
||
| 999 |
_c44210 _d44210 |
||